000 00414nam a22001697a 4500
003 CEME
005 20210628203524.0
008 210120b xxu||||| |||| 00| 0 eng d
020 _a81-297-0334-3
040 _c.
082 _a658.7 TAY
100 _aTaylor, David A.
_965991
245 _aSupply chain a manager's guide
260 _aINDIA
_bPEARSON EDUCATION
_c2004
300 _aXIX, 358P
942 _cBK
_2ddc
999 _c574049
_d574049